Strategies the journal of legal marketing

Detalles Bibliográficos
Formato: Desconocido
Lenguaje:inglés
Publicado: Gales : Legal Marketing Association
Materias:
Acceso en línea:Acceso restringido

MARC

LEADER 00000ny a22000003n 4500
005 20110512103830.0
008 071017c19uu9999uk mr pss 0 a0eng d
022 |a 1099-0127 
035 |a 3145 
040 |a BUS  |d vLex 
090 |c 1730  |d 1730 
245 0 0 |a Strategies  |h [Recurso electrn̤ico]  |b the journal of legal marketing 
256 |a Servicio en ln̕ea 
260 |a Gales :  |b Legal Marketing Association  
506 1 |a Contenido solo disponible en los productos indicados  |d vLex Global  |d vLex Global (Academic Edition, excluding Law Schools)  |d vLex Global (Academic Edition, Law Schools) 
650 0 4 |a Marketing  |x Derecho  |z Francia 
740 0 |a vLex Revista (Servicios en ln̕ea) 
843 |a Electrn̤ica. Cerrada 
853 |8 1  |i (year)  |j (month)  |k (day) 
856 4 0 |z Acceso restringido  |u http://vlex.com/account/login_ip?fuente_id=3145  
942 |c REV